• 首页
  • 本馆介绍
  • 公告通知
  • 最新文献
  • 馆藏检索
  • 电子资源
  • 读者导购
  • 参考咨询
  • 我的图书馆
  • 登录
  • 详细信息显示
  • 放入我的书架
  • 预约/预借图书
  • 作者相关作品
  • 分类相关作品
  • 丛书相关作品
  • 出版社相关作品

书目信息

  • 表格格式
  • 工作单格式
  • 卡片格式
题名:
社会保险基金预算工作指南
    
 
作者: 唐霁松 , 聂明隽 主编
分册:  
出版信息: 北京   中国劳动社会保障出版社  2012.4
页数: 471页
开本: 21cm
丛书名:
单 册:
中图分类: F842.61
科图分类:
主题词: 社会保险基金--预算编制--中国 , 社会保险基金 , 预算编制
电子资源:
ISBN: 978-7-5045-9617-8
000 01065nam0 22002771 450
001 524
005 20140909165854.26
010    @a978-7-5045-9617-8@dCNY48.00
100    @a20120630d2012 em y0chiy50 ea
101 0  @achi
102    @aCN@b110000
105    @ay z 000yy
106    @ar
200 1  @a社会保险基金预算工作指南@AShe Hui Bao Xian Ji Jin Yu Suan Gong Zuo Zhi Nan@f唐霁松,聂明隽主编@FTang Ji Song, Nie Ming Juan Zhu Bian
210    @a北京@c中国劳动社会保障出版社@d2012.4
215    @a471页@d21cm
304    @a人力资源和社会保障部,社会保险事业管理中心组织编写
330    @a本书紧密结合社会保险基金预算管理工作实际,对各项社会保险基金预算报表和指标体系、基金收支和结余预算编制方法及所需数据采集、预算审核进行了全面细致的讲解,并在部分章节中给出了应用实例。
606 0  @a社会保险基金@x预算编制@y中国
606 0  @a社会保险基金
606 0  @a预算编制
690    @aF842.61@v5
701  0 @a唐霁松@ATang Ji Song@f(1960~)@4主编
701  0 @a聂明隽@ANie Ming Juan@4主编
801  0 @aCN@bTANGWEI@c20140603
905    @b0836346-48@dF842.61@e103@f3
    
    社会保险基金预算工作指南/唐霁松,聂明隽主编.-北京:中国劳动社会保障出版社,2012.4
    471页;21cm
    
    
    ISBN 978-7-5045-9617-8:CNY48.00
    本书紧密结合社会保险基金预算管理工作实际,对各项社会保险基金预算报表和指标体系、基金收支和结余预算编制方法及所需数据采集、预算审核进行了全面细致的讲解,并在部分章节中给出了应用实例。
●
相关链接 在E读中查询图书 在五车中查询图书 在当当中查询图书 在豆瓣中查询图书


正题名:社会保险基金预算工作指南     索取号:F842.61/103         预约/预借

序号 登录号 条形码 馆藏地/架位号 状态 备注
1 0836346   208363466   第一样本阅览室/ [索取号:F842.61/103] 在馆    
2 0836347   208363475   第一借阅区/ [索取号:F842.61/103] 在馆    
3 0836348   208363484   密集书库-海洋学院/ [索取号:F842.61/103] 在馆    
唐山师范学院图书馆 欢迎您!
大连网信软件有限公司© 版权所有